| 000 | 01828cam0 2200385 ib4500 | ||
|---|---|---|---|
| 001 | BY-BR0002-br2025399418 | ||
| 005 | 20251128163541.0 | ||
| 010 | ^a978-985-545-306-3 | ||
| 100 | ^a20250815d2025 b y0bely50 ca | ||
| 101 | 0 | ^abel | |
| 102 | ^aBY | ||
| 105 | ^aa z 000oy | ||
| 109 | ^ama | ||
| 200 | 1 |
^aЯк курачка пеўніка ратавала ^eбеларуская народная казка ^eдля старэйшага дашкольнага ўзросту ^fмастак Сяргей Самсоненка ^gрэдактар Марыя Харчанка |
|
| 210 |
^aМінск ^cВыдавецтва Дзмітрыя Харчанкі ^d2025 |
||
| 215 |
^a[14] с., уключаючы вокладку ^cкаляр. іл. ^d22 см |
||
| 225 | 1 |
^aМяцеліца ^dМетелица ^zrus |
|
| 333 | ^a0+ | ||
| 345 | ^9700 экз. | ||
| 608 |
^aНАРОДНАЯ СКАЗКА ^3BY-NLB-ar19672 ^2BYGNR |
||
| 608 |
^aНАРОДНАЯ КАЗКА ^3BY-NLB-ar19673 ^2BYGNR |
||
| 608 |
^aДЕТСКАЯ И ЮНОШЕСКАЯ ЛИТЕРАТУРА (художеств. произведение) ^3BY-NLB-ar9019 ^2BYGNR |
||
| 608 |
^aДЗІЦЯЧАЯ І ЮНАЦКАЯ ЛІТАРАТУРА (мастацкі твор) ^3BY-NLB-ar9020 ^2BYGNR |
||
| 615 |
^aБелорусский национальный документ ^3BY-SEK-ar1826174 |
||
| 686 |
^a84 ^2rubbk |
||
| 690 |
^a1 ^9BY-MI0013 ^2Base ^xRSEK |
||
| 702 | 1 |
^aСамсоненка ^bС. А. ^gСяргей А. ^cмастак ^3BY-SEK-ar10962069 ^4040 |
|
| 702 | 1 |
^aХарчанка ^bМ. ^gМарыя ^3BY-SEK-ar14995290 ^4340 |
|
| 801 | 0 |
^aBY ^bBY-BR0002 ^c20250815 ^gRCR |
|
| 801 | 2 |
^aBY ^bBY-MI0013 ^c20251128 ^gRCR |
|
| 035 | ^a(BY-MI0013)BY-BR0002-br2025399418 | ||
| 899 | 0 |
^aBY-MI0013 ^iЯ44 ^h84 |
|